Studien zur Geschichte des deutschen Imperialismus

Gespeichert in:
Bibliographische Detailangaben
Format: Buch
Sprache:Deutsch
Veröffentlicht: Berlin Dietz 1950
Tags: Tag hinzufügen
Keine Tags, Fügen Sie das erste Tag hinzu!

MARC

LEADER 00000nam a2200000 4500
001 0314157
005 20260119105529.5
041 0 |a ger 
044 |a DE 
245 1 0 |a Studien zur Geschichte des deutschen Imperialismus  |c Jürgen Kuczynski 
264 1 |a Berlin  |b Dietz  |c 1950